Estatísticas para Seleções da CONCACAF

Clique aqui para jogar o quiz

Estatísticas Gerais

  • Esse quiz foi jogado 49 vezes
  • A pontuação média é 25 de 35

Estatísticas das Respostas

Resposta% Correto
Canadá
100%
Estados Unidos
100%
México
98%
Costa Rica
93%
Panamá
93%
Nicarágua
91%
Belize
89%
Haiti
89%
Cuba
87%
Granada
87%
Guatemala
87%
Jamaica
87%
Antígua e Barbuda
85%
El Salvador
85%
Honduras
85%
São Vicente e Granadinas
85%
Bahamas
83%
República Dominicana
83%
Santa Lúcia
83%
Barbados
80%
Dominica
80%
São Cristóvão e Neves
80%
Porto Rico
72%
Suriname
63%
Guiana
61%
Aruba
50%
Ilhas Virgens Britânicas
48%
Bermudas
43%
Ilhas Virgens Americanas
41%
Anguila
37%
Ilhas Cayman
35%
Trindade e Tobago
35%
Curaçau
28%
Monserrate
17%
Turcas e Caicos
17%

Distribuição das Pontuações

Percentil de Números Respondidos

Porcentagem de Pessoas com Cada Pontuação

Sua Pontuação Histórica

Você não jogou esse quiz